The royal inscriptions of Sumer and Akkad
| Main Author: | |
|---|---|
| Format: | Print Book |
| Language: | English |
| Subito Delivery Service: | Order now. |
| Check availability: | HBZ Gateway |
| WorldCat: | WorldCat |
| Interlibrary Loan: | Interlibrary Loan for the Fachinformationsdienste (Specialized Information Services in Germany) |
| Published: |
New Haven, Conn.
Yale Univ. Press
1929
|
| In: |
Library of ancient semitic inscriptions (1)
Year: 1929 |
| Reviews: | REVIEWS (1933) (Winckworth, C. P. T.)
|
| Series/Journal: | Library of ancient semitic inscriptions
1 |
| Standardized Subjects / Keyword chains: | B
Sumerian language
/ Royal inscription
B Akkadian language / Royal inscription |
MARC
| LEADER | 00000cam a2200000 c 4500 | ||
|---|---|---|---|
| 001 | 113639320X | ||
| 003 | DE-627 | ||
| 005 | 20251225180435.0 | ||
| 007 | tu | ||
| 008 | 980612s1929 xxu||||| 00| ||eng c | ||
| 035 | |a (DE-627)113639320X | ||
| 035 | |a (DE-576)066393205 | ||
| 035 | |a (DE-599)BSZ066393205 | ||
| 035 | |a (OCoLC)8991642 | ||
| 035 | |a (OCoLC)238411732 | ||
| 035 | |a (DE-604)8137276060 | ||
| 035 | |a (AT-OBV)AC05910547 | ||
| 040 | |a DE-627 |b ger |c DE-627 |e rakwb | ||
| 041 | |a eng | ||
| 044 | |c XD-US | ||
| 082 | 0 | |a 492.1917 |q OCLC | |
| 084 | |a 6,22 |2 ssgn | ||
| 084 | |a EM 2650 |2 rvk |0 (DE-625)rvk/24935: | ||
| 084 | |a 18.73 |2 bkl | ||
| 084 | |a 17.98 |2 bkl | ||
| 100 | 1 | |0 (DE-588)105532027X |0 (DE-627)793405475 |0 (DE-576)411669354 |4 aut |a Barton, George Aaron |d 1859-1942 | |
| 109 | |a Barton, George Aaron 1859-1942 |a Barton, George A. 1859-1942 |a Barton, Geo. A. 1859-1942 | ||
| 245 | 1 | 4 | |a The royal inscriptions of Sumer and Akkad |c by George A. Barton |
| 264 | 1 | |a New Haven, Conn. |b Yale Univ. Press |c 1929 | |
| 300 | |a XXII, 406 S. | ||
| 336 | |a Text |b txt |2 rdacontent | ||
| 337 | |a ohne Hilfsmittel zu benutzen |b n |2 rdamedia | ||
| 338 | |a Band |b nc |2 rdacarrier | ||
| 490 | 1 | |a Library of ancient Semitic inscriptions |v 1 | |
| 583 | 1 | |a Archivierung prüfen |c 20240324 |f DE-4165 |z 1 |2 pdager | |
| 689 | 0 | 0 | |d s |0 (DE-588)4078069-7 |0 (DE-627)106078429 |0 (DE-576)209207329 |2 gnd |a Sumerisch |
| 689 | 0 | 1 | |d s |0 (DE-588)4444518-0 |0 (DE-627)225310260 |0 (DE-576)212504681 |2 gnd |a Königsinschrift |
| 689 | 0 | |5 DE-101 | |
| 689 | 1 | 0 | |d s |0 (DE-588)4084837-1 |0 (DE-627)106064053 |0 (DE-576)209223626 |2 gnd |a Akkadisch |
| 689 | 1 | 1 | |d s |0 (DE-588)4444518-0 |0 (DE-627)225310260 |0 (DE-576)212504681 |2 gnd |a Königsinschrift |
| 689 | 1 | |5 DE-101 | |
| 689 | 2 | 0 | |d s |0 (DE-588)4078069-7 |0 (DE-627)106078429 |0 (DE-576)209207329 |2 gnd |a Sumerisch |
| 689 | 2 | 1 | |d s |0 (DE-588)4444518-0 |0 (DE-627)225310260 |0 (DE-576)212504681 |2 gnd |a Königsinschrift |
| 689 | 2 | |5 (DE-627) | |
| 689 | 3 | 0 | |d s |0 (DE-588)4084837-1 |0 (DE-627)106064053 |0 (DE-576)209223626 |2 gnd |a Akkadisch |
| 689 | 3 | 1 | |d s |0 (DE-588)4444518-0 |0 (DE-627)225310260 |0 (DE-576)212504681 |2 gnd |a Königsinschrift |
| 689 | 3 | |5 (DE-627) | |
| 787 | 0 | 8 | |i Rezensiert in |a Winckworth, C. P. T. |t REVIEWS |d 1933 |w (DE-627)1783785802 |
| 830 | 0 | |a Library of ancient semitic inscriptions |v 1 |9 1 |w (DE-627)219080542 |w (DE-576)056549733 |w (DE-600)1343710-0 |7 am | |
| 889 | |w (DE-627)142357898 | ||
| 935 | |i mdedup | ||
| 936 | r | v | |a EM 2650 |b Königsinschriften |k Allgemeine und vergleichende Sprach- und Literaturwissenschaft. Indogermanistik. Außereuropäische Sprachen und Literaturen |k Altorientalische Sprachen und Literaturen |k Akkadisch-Sumerische Literatur |k Textsammlungen und Sekundärliteratur |k Einzelne Gattungen (auch gattungsbezogene Sekundärliteratur und Übersetzungen) |k Königsinschriften |0 (DE-627)1271232553 |0 (DE-625)rvk/24935: |0 (DE-576)201232553 |
| 936 | b | k | |a 18.73 |j Semitische Sprachen und Literaturen: Allgemeines |0 (DE-627)106422995 |
| 936 | b | k | |a 17.98 |j Textsammlungen |0 (DE-627)106404547 |
| 951 | |a BO | ||
| BIB | |a 1 | ||
| ELC | |b 1 | ||
| ITA | |a 1 | ||
| LOK | |0 000 xxxxxcx a22 zn 4500 | ||
| LOK | |0 001 2505431922 | ||
| LOK | |0 003 DE-627 | ||
| LOK | |0 004 113639320X | ||
| LOK | |0 005 20080721155810 | ||
| LOK | |0 008 060324||||||||||||||||ger||||||| | ||
| LOK | |0 040 |a DE-21-11 |c DE-627 |d DE-21-11 | ||
| LOK | |0 541 |e A66-482 | ||
| LOK | |0 852 |a DE-21-11 | ||
| LOK | |0 852 1 |c AOR Db Barto 1 |m p |9 00 | ||
| LOK | |0 935 |a k011 |a i011 |a kneu |a aori | ||
| LOK | |0 938 |k p | ||
| LOK | |0 939 |a 24-03-06 |b l01 | ||
| ORI | |a SA-MARC-ixtheoa001.raw | ||
| REL | |a 1 | ||
| STA | 0 | 0 | |a Akkadian language,Royal inscription,Sumerian language |
| STB | 0 | 0 | |a Akkadien,Inscription royale,Sumérien |
| STC | 0 | 0 | |a Acádio,Inscripción real,Sumerio |
| STD | 0 | 0 | |a Accadico,Iscrizione reale,Sumero |
| STF | 0 | 0 | |a 苏美尔语,阿卡德語 |
| STG | 0 | 0 | |a Acádio,Inscrição real,Sumério |
| STH | 0 | 0 | |a Аккадский (язык),Королевская надпись,Шумерский |
| STI | 0 | 0 | |a Ακκαδική γλώσσα,Βασιλική επιγραφή,Σουμεριακή γλώσσα |
| SUB | |a BIB |a REL | ||
| SYG | 0 | 0 | |a Neusumerisch,Altsumerisch , König , Assyrisch-Babylonisch,Babylonisch-Assyrisch,Ostsemitisch , König , Neusumerisch,Altsumerisch , König , Assyrisch-Babylonisch,Babylonisch-Assyrisch,Ostsemitisch , König |



